Statistics for All Districts of Yemen with a Map

Click here to take the quiz!

General Stats

  • This quiz has been taken 24 times
  • The average score is 105 of 333

Answers on the Map

Answers color-coded by a green-red scale on the quiz's map according to % correct below.
 

Answer Stats

GovernorateDistrict% Correct
IbbIbb
54%
AbyanZinjibar
54%
AbyanAhwar
46%
Al MaharahAl Ghaydhah
46%
HadramawtAl Mukalla
46%
HadramawtAl Mukalla City
46%
Ma'ribMa'rib
46%
Ma'ribMa'rib City
46%
Sa'dahSa'dah
46%
HadramawtSah
46%
HajjahAbs
38%
Ad Dali'Ad Dali'
38%
HadramawtAd Dis
38%
HadramawtAl Abr
38%
AbyanAl Mahfad
38%
AbyanAl Wadi'
38%
Ad Dali'Damt
38%
AbyanJayshan
38%
AbyanKhanfar
38%
AbyanLawdar
38%
AbyanMudiyah
38%
AbyanRassd
38%
AbyanSarar
38%
HadramawtShibam
38%
AbyanSibah
38%
Al HodeidahAd Dohi
31%
HadramawtAd Dulay'ah
31%
Al HodeidahAd Durayhimi
31%
Sa'dahAdh Dhahir
31%
IbbAdh Dhihar
31%
HajjahAflah Al Yaman
31%
HajjahAflah Ash Sham
31%
Ma'ribAl Abdiyah
31%
Al BaydaAl Arsh
31%
AmranAl Ashah
31%
Ad Dali'Al Azariq
31%
Al BaydaAl Bayda
31%
Al BaydaAl Bayda City
31%
AdenAl Burayqah
31%
Al JawfAl Ghayl
31%
LahjAl Had
31%
DhamarAl Hada
31%
Al HodeidahAl Hali
31%
Ad Dali'Al Hasayn
31%
Sa'dahAl Hashwah
31%
Al HodeidahAl Hawak
31%
LahjAl Hawtah
31%
Sana'aAl Haymah Ad Dakhiliyah
31%
Sana'aAl Haymah Al Kharijiyah
31%
Al JawfAl Hazm
31%
Sana'aAl Hissn
31%
Al HodeidahAl Hujjaylah
31%
Al JawfAl Humaydat
31%
Ad Dali'Al Husha
31%
RaymahAl Jabin
31%
RaymahAl Ja'fariyyah
31%
HajjahAl Jamimah
31%
Al HodeidahAl Jarrahi
31%
Ma'ribAl Jubah
31%
Al MahwitAl Khabt
31%
Al JawfAl Khalaq
31%
Al HodeidahAl Khukhah
31%
Al HodeidahAlluhayah
31%
Ta'izAl Ma'afer
31%
AmranAl Madan
31%
LahjAl Madaribah wa Al Aarah
31%
LahjAl Maflahi
31%
HajjahAl Maghrabah
31%
HajjahAl Mahabishah
31%
Al MahwitAl Mahwit
31%
Al MahwitAl Mahwit City
31%
Ta'izAl Makha
31%
IbbAl Makhadir
31%
LahjAl Malah
31%
Al BaydaAl Malajim
31%
DhamarAl Manar
31%
AdenAl Mansurah
31%
Al HodeidahAl Mansuriyah
31%
LahjAl Maqatirah
31%
Al HodeidahAl Marawi'ah
31%
IbbAl Mashannah
31%
Al MaharahAl Masilah
31%
Al JawfAl Maslub
31%
Al JawfAl Matammah
31%
Ta'izAl Mawasit
31%
Al HodeidahAl Mighlaf
31%
Al HodeidahAl Mina
31%
Ta'izAl Misrakh
31%
AdenAl Mu'alla
31%
Ta'izAl Mudhaffar
31%
Al HodeidahAl Munirah
31%
LahjAl Musaymir
31%
Al JawfAl Mutun
31%
IbbAl Odayn
31%
HadramawtAl Qaff
31%
IbbAl Qafr
31%
Ta'izAl Qahirah
31%
Al HodeidahAl Qanawis
31%
HadramawtAl Qatn
31%
LahjAl Qubaytah
31%
Al BaydaAl Quraishyah
31%
Ta'izAl Wazi'yah
31%
Sana'a CityAl Wehdah
31%
HadramawtAmd
31%
AmranAmran
31%
IbbAn Nadirah
31%
DhamarAns
31%
Sana'aArhab
31%
ShabwahArma'a
31%
IbbAr Radmah
31%
ShabwahAr Rawdah
31%
HadramawtAr Raydah wa Qussay'ar
31%
Al MahwitAr Rujum
31%
Al BaydaAr Ryashyyah
31%
HajjahAsh Shaghadirah
31%
HajjahAsh Shahil
31%
IbbAsh Sha'ir
31%
Ta'izAsh Shamayatayn
31%
Al BaydaAsh Sharyah
31%
AdenAsh Shaykh Othman
31%
HadramawtAsh Shihr
31%
Ad Dali'Ash Shu'ayb
31%
HajjahAslam
31%
Sana'a CityAs Sab'in
31%
IbbAs Sabrah
31%
IbbAs Saddah
31%
Sana'a CityAs Safiyah
31%
Sa'dahAs Safra
31%
ShabwahAs Sa'id
31%
IbbAs Saiyani
31%
RaymahAs Salafiyyah
31%
Al HodeidahAs Salif
31%
Al BaydaAs Sawadiyah
31%
AmranAs Sawd
31%
HadramawtAs Sawm
31%
Al BaydaAs Sawma'ah
31%
Ta'izAs Silw
31%
AmranAs Sudah
31%
Al HodeidahAs Sukhnah
31%
ShabwahAtaq
31%
Sana'a CityAth Thawrah
31%
Al BaydaAt Taffah
31%
Sana'a CityAt Tahrir
31%
Ta'izAt Ta'iziyah
31%
ShabwahAt Talh
31%
AdenAt Tawahi
31%
Al MahwitAt Tawilah
31%
Al HodeidahAt Tuhayta
31%
Sana'aAt Tyal
31%
ShabwahAyn
31%
Sana'a CityAzaal
31%
Al Bayda | Al JawfAz Zahir
31%
Al HodeidahAz Zaydiah
31%
Al HodeidahAz Zuhrah
31%
IbbBa'dan
31%
Al HodeidahBajil
31%
HajjahBakil Al Mir
31%
HajjahBani Al Awam
31%
Sana'a CityBani Al Harith
31%
Sana'aBani Dabyan
31%
Sana'aBani Hushaysh
31%
Sana'aBani Matar
31%
HajjahBani Qays
31%
Al MahwitBani Sa'd
31%
AmranBani Surim
31%
Sa'dahBaqim
31%
Al JawfBarat Al Anan
31%
ShabwahBayhan
31%
Al HodeidahBayt Al Faqih
31%
Ma'ribBidbadah
31%
Sana'aBilad Ar Rus
31%
RaymahBilad Atta'am
31%
HadramawtBrum Mayf'ah
31%
Al HodeidahBura'
31%
ShabwahDahr
31%
AdenDar Sa'd
31%
HadramawtDaw'an
31%
DhamarDawran Anis
31%
DhamarDhamar City
31%
IbbDhi As Sufal
31%
AmranDhibain
31%
Al BaydaDhi Na'im
31%
Ta'izDhubab
31%
AmranDhulaymat Habur
31%
Ta'izDimnat Khadir
31%
AmranEyal Surayh
31%
IbbFar' Al Odayn
31%
Sa'dahGhamr
31%
HadramawtGhayl Bawazir
31%
HadramawtGhayl bin Yamin
31%
ShabwahHabban
31%
LahjHabil Jabr
31%
SocotraHadibu
31%
HadramawtHajar
31%
HadramawtHajar As Say'ar
31%
HajjahHajjah
31%
HajjahHajjah City
31%
LahjHalmin
31%
Sana'aHamdan
31%
HajjahHarad
31%
AmranHarf Sufyan
31%
Ma'ribHarib
31%
Ma'ribHarib Al Qaramish
31%
HadramawtHaridah
31%
Al MaharahHaswin
31%
Al MaharahHat
31%
ShabwahHatib
31%
Al MaharahHawf
31%
Sa'dahHaydan
31%
Ta'izHayfan
31%
HajjahHayran
31%
Al HodeidahHays
31%
IbbHazm Al Odayn
31%
IbbHobeish
31%
Al MahwitHufash
31%
AmranHuth
31%
DhamarJabal Ash sharq
31%
AmranJabal Eyal Yazid
31%
Ta'izJabal Habashi
31%
Ma'ribJabal Murad
31%
Al HodeidahJabal Ras
31%
Ad Dali'Jahaf
31%
DhamarJahran
31%
ShabwahJardan
31%
IbbJiblah
31%
Sana'aJihanah
31%
Ad Dali'Juban
31%
Al HodeidahKamaran
31%
Al JawfKhab wa Ash Sha'f
31%
AmranKhamir
31%
Al JawfKharab Al Marashi
31%
AmranKharif
31%
Sana'aKhawlan
31%
HajjahKhayran Al Muharraq
31%
AdenKhur Maksar
31%
Sa'dahKitaf wa Al Boqa'
31%
AdenKritar - Sirah
31%
HajjahKu'aydinah
31%
HajjahKuhlan Afar
31%
HajjahKuhlan Ash Sharaf
31%
HajjahKushar
31%
RaymahKusmah
31%
HajjahMabyan
31%
Ma'ribMadghal Al Jid'an
31%
DhamarMaghrib Ans
31%
Ma'ribMahliyah
31%
Sana'a CityMa'in
31%
Sa'dahMajz
31%
Ma'ribMajzar
31%
Sana'aManakhah
31%
Al MaharahMan'ar
31%
Ta'izMaqbanah
31%
ShabwahMarkhah Al Olya
31%
ShabwahMarkhah As Sufla
31%
Ta'izMashr'ah wa Hadnan
31%
AmranMaswar
31%
Al BaydaMaswarah
31%
Ta'izMawiyah
31%
Ta'izMawza'
31%
ShabwahMayfa'ah
31%
DhamarMayfa'at Ans
31%
RaymahMazhar
31%
Al MahwitMelhan
31%
HajjahMidi
31%
Sa'dahMonabbih
31%
IbbMudhaykhirah
31%
Al BaydaMukayras
31%
HajjahMustaba
31%
HajjahNajrah
31%
Al BaydaNati'
31%
Sana'aNihm
31%
ShabwahNisab
31%
Al BaydaNu'man
31%
Sana'a CityOld City
31%
ShabwahOsaylan
31%
DhamarOtmah
31%
AmranQaflat Odhar
31%
HajjahQafl Shammar
31%
HajjahQarah
31%
Ad Dali'Qa'tabah
31%
Sa'dahQatabir
31%
Al MaharahQishn
31%
Al BaydaRada'
31%
LahjRadfan
31%
Al BaydaRadman
31%
ShabwahRadum
31%
Ma'ribRaghwan
31%
Ma'ribRahabah
31%
Al JawfRajuzah
31%
HadramawtRakhyah
31%
AmranRaydah
31%
Sa'dahRazih
31%
HadramawtRumah
31%
Al BaydaSabah
31%
Ta'izSabir Al Mawadim
31%
Sana'aSa'fan
31%
Sa'dahSahar
31%
Ta'izSalah
31%
Ta'izSami'
31%
Sana'aSanhan wa Bani Bahlul
31%
Sa'dahSaqin
31%
Al MaharahSayhut
31%
HadramawtSayun
31%
Sa'dahShada'a
31%
AmranShaharah
31%
Al MaharahShahin
31%
Ta'izShar'ab Ar Rawnah
31%
Ta'izShar'ab As Salam
31%
HajjahSharas
31%
Al MahwitShibam Kawkaban
31%
Sana'a CityShu'ub
31%
Ma'ribSirwah
31%
AmranSuwayr
31%
HadramawtTarim
31%
HadramawtThamud
31%
AmranThula
31%
LahjTuban
31%
LahjTur Al Bahah
31%
HajjahWadrah
31%
Al BaydaWald Rabi'
31%
HajjahWashhah
31%
DhamarWusab Al Aali
31%
DhamarWusab As Safil
31%
HadramawtYab'uth
31%
LahjYafi'
31%
LahjYahr
31%
IbbYarim
31%
Al HodeidahZabid
31%
HadramawtZamakh wa Manwokh
31%
HajjahAl Miftah
23%
SocotraQalansiyah wa Abd Al Kuri
23%
HadramawtWadi Al Ayn
23%

Score Distribution

Percentile by Number Answered

Percent of People with Each Score

Your Score History

You have not taken this quiz